Rethinking economics : (Record no. 21216)
[ view plain ]
| 000 -LEADER | |
|---|---|
| fixed length control field | 00954cam a22002895a 4500 |
| 001 - CONTROL NUMBER | |
| control field | 11437855 |
| 005 - DATE AND TIME OF LATEST TRANSACTION | |
| control field | 20201128023639.0 |
| 008 - FIXED-LENGTH DATA ELEMENTS--GENERAL INFORMATION | |
| fixed length control field | 140827t2015 si a frb 001 0 eng d |
| 020 ## - INTERNATIONAL STANDARD BOOK NUMBER | |
| International Standard Book Number | 9789812871756 |
| 040 ## - CATALOGING SOURCE | |
| Modifying agency | WaSeSS |
| -- | EG-ScBUE |
| Language of cataloging | eng |
| 082 04 - DEWEY DECIMAL CLASSIFICATION NUMBER | |
| Classification number | 330.1 |
| Edition number | 22 |
| Item number | BIR |
| 100 1# - MAIN ENTRY--PERSONAL NAME | |
| Personal name | Birks, Stuart. |
| 9 (RLIN) | 39418 |
| 245 10 - TITLE STATEMENT | |
| Title | Rethinking economics : |
| Remainder of title | from analogies to the real world / |
| Statement of responsibility, etc | Stuart Birks. |
| 260 ## - PUBLICATION, DISTRIBUTION, ETC. (IMPRINT) | |
| Place of publication, distribution, etc | Singapore : |
| Name of publisher, distributor, etc | Springer, |
| Date of publication, distribution, etc | c.2015. |
| 300 ## - PHYSICAL DESCRIPTION | |
| Extent | xii, 87 p. : |
| Other physical details | ill. ; |
| Dimensions | 24 cm. |
| 490 0# - Series Statement | |
| Series statement | SpringerBriefs in Economics, |
| International Standard Serial Number | 2191-5504. |
| 504 ## - BIBLIOGRAPHY, ETC. NOTE | |
| Bibliography, etc | Includes bibliographical references and indexes. |
| 506 ## - RESTRICTIONS ON ACCESS NOTE | |
| Terms governing access | License restrictions may limit access. |
| 650 #7 - SUBJECT ADDED ENTRY--TOPICAL TERM | |
| Topical term or geographic name as entry element | Economics. |
| Source of heading or term | BUEsh |
| 9 (RLIN) | 720 |
| 650 #7 - SUBJECT ADDED ENTRY--TOPICAL TERM | |
| Topical term or geographic name as entry element | Econometrics. |
| Source of heading or term | BUEsh |
| 9 (RLIN) | 3215 |
| 650 #7 - SUBJECT ADDED ENTRY--TOPICAL TERM | |
| Topical term or geographic name as entry element | Economic policy. |
| Source of heading or term | BUEsh |
| 9 (RLIN) | 3322 |
| 651 ## - SUBJECT ADDED ENTRY--GEOGRAPHIC NAME | |
| Source of heading or term | BUEsh |
| 653 ## - INDEX TERM--UNCONTROLLED | |
| Resource For college | BAEPS, Economics |
| Arrived date list | February2016 |
| 710 2# - ADDED ENTRY--CORPORATE NAME | |
| Corporate name or jurisdiction name as entry element | SpringerLink (Online service) |
| 910 ## - USER-OPTION DATA (OCLC) | |
| User-option data | Vendor-generated brief record |
| 942 ## - ADDED ENTRY ELEMENTS (KOHA) | |
| Source of classification or shelving scheme | Dewey Decimal Classification |
| Withdrawn status | Item status | Source of classification or shelving scheme | Damaged status | Not for loan | Vendor | Home library | Current library | Shelving location | Date acquired | Source of acquisition | Cost, normal purchase price | Serial Enumeration / chronology | Total Checkouts | Full call number | Barcode | Date last seen | Cost, replacement price | Koha item type | Total Renewals | Date last borrowed |
|---|---|---|---|---|---|---|---|---|---|---|---|---|---|---|---|---|---|---|---|---|
| Dewey Decimal Classification | Academic Bookshop | Central Library | Central Library | First floor | 23/02/2016 | Purchase | 600.00 | 4864 | 330.1 BIR | 000031664 | 15/07/2025 | 750.00 | Book - Borrowing | |||||||
| Dewey Decimal Classification | Academic Bookshop | Central Library | Central Library | First floor | 23/02/2016 | Purchase | 600.00 | 4864 | 330.1 BIR | 000031665 | 15/07/2025 | 750.00 | Book - Borrowing | |||||||
| Dewey Decimal Classification | Academic Bookshop | Central Library | Central Library | First floor | 23/02/2016 | Purchase | 600.00 | 4864 | 1 | 330.1 BIR | 000031666 | 15/07/2025 | 750.00 | Book - Borrowing | 2 | 26/10/2016 | ||||
| Dewey Decimal Classification | Academic Bookshop | Central Library | Central Library | First floor | 23/02/2016 | Purchase | 600.00 | 4864 | 330.1 BIR | 000031673 | 15/07/2025 | 750.00 | Book - Borrowing |